000 00292nam a2200109Ia 4500
008 190216s9999||||xx |||||||||||||| ||und||
100 _aArumugham.S & Ramachandran.S
245 0 _aInvitation To Graphic Theory
260 _bScitech Publications
_c2003
650 _aMathematics
942 _cBK
999 _c32287
_d32287